[Event "Linares 13th"]
[Site "Linares"]
[Date "1995.03.06"]
[Round "5"]
[White "Topalov, Veselin"]
[Black "Lautier, Joel"]
[Result "1/2-1/2"]
[WhiteElo "2630"]
[BlackElo "2655"]
[Annotator "Lautier,J"]
[PlyCount "88"]
[EventDate "1995.03.01"]
[EventType "tourn"]
[EventRounds "13"]
[EventCountry "ESP"]
[EventCategory "17"]
[SourceTitle "CBM 046"]
[Source "ChessBase"]
[SourceDate "1995.06.01"]
[SourceVersion "1"]
[SourceVersionDate "1995.06.01"]
[SourceQuality "1"]

1. e4 {Notkin Wedberg Ftacnik} e5 2. Nf3 Nc6 3. Bb5 a6 4. Ba4 d6 5. c3 f5 6.
exf5 Bxf5 7. O-O Bd3 8. Re1 Be7 9. c4 $6 (9. Re3 $5) (9. Bc2 $5) (9. Bc2 {
Notkin} Bxc2 10. Qxc2 Nf6 11. d4 O-O 12. d5 (12. dxe5 Nxe5 13. Nxe5 dxe5 14.
Be3 Ng4 15. Nd2 $14 {Balashov,Y-Yandemirov,V/Elista(RUS-sh)/1994/1:0/32/})
12... e4 13. Ng5 Ne5 14. Ne6 Qd7 15. Nd2 e3 16. Rxe3 Nxd5 17. Nxf8 (17. Rxe5
dxe5 18. Nxf8 Rxf8 19. Ne4 $14 {Wolff,P/}) 17... Nxe3 18. Qxh7+ Kxf8 19. fxe3
Re8 20. e4 (20. h3 Qb5 $1 21. Nb3 Bf6 22. Bd2 Qd3 23. Qxd3 Nxd3 24. Rb1 Bg5 25.
Nc1 $10 {Xie,J-Lautier,J/Amsterdam/1994/0,5/47/}) (20. Ne4 Qg4 21. Bd2 Nf3+ 22.
Kh1 Nxd2 23. Nxd2 Qe2 $2 (23... d5 $5 $44) 24. Ne4 $16 {Almasi,Z-Winants,L/
Wijk/1995/1:0/37/ ;CBM 45}) 20... d5 $2 (20... Bf6 $5 $44) 21. Nb3 $1 $16 {
Anand,V-Yusupov,A/Wijk aan Zee/1994/1:0/25/}) (9. Qb3 {Notkin Ftacnik} b5 10.
Qd5 Qd7 11. Qxd3 bxa4 12. Qc2 Nf6 13. d3 O-O 14. Qxa4 Nd4 15. Qxd7 Nxf3+ 16.
gxf3 Nxd7 17. Kg2 Rf6 18. Be3 Raf8 19. Nd2 d5 20. b4 d4 21. Bxd4 Bxb4 22. cxb4
exd4 23. Re4 c5 24. a3 {Browne,W-Kavalek,L/Netanya/1971/0.5 (32)}) (9. Re3 {
Notkin Ftacnik} e4 10. Ne1 Bg5 11. Nxd3 $6 Bxe3 12. Nb4 Bxf2+ $1 13. Kxf2 Qh4+
14. Kg1 Nh6 15. Qf1 Ng4 16. Qf4 Rf8 17. Qg3 Rf1+ $1 $19 18. Kxf1 Nxh2+ 19. Qxh2
{Adams,M-Piket,J/Wijk (10)/1991/0-1 (19)}) 9... Rb8 $1 (9... Bxc4 {Notkin} 10.
d4 b5 (10... Nf6 11. dxe5 (11. Nc3 $5 {Wedberg}) 11... dxe5 12. Bxc6+ $6 (12.
Qxd8+ $5 Rxd8 13. Nxe5) 12... bxc6 13. Qc2 Bd5 $15 {Pakkert,A-Grechkin,D/corr/
1969/} (13... Bd5 {Ftacnik} 14. Nxe5 Qd6 15. Nc3 O-O 16. Bg5 Rae8 17. Nxd5 cxd5
18. Qc6 Qxc6 19. Nxc6 Bc5 20. Be3 Bxe3 21. Rxe3 Rxe3 22. fxe3 Re8 23. Re1 Re6
24. Nd4 $10 {Pakkert-Grechkin/corr/1969/0.5 (37)})) 11. Bb3 Bxb3 12. axb3 Nxd4
13. Nxd4 exd4 14. Bg5 $1 $16 {Lepeshkin,V-Estrin,J/Moscow/1964/1:0/28/}) 10.
Qb3 e4 (10... Bg6 {Notkin} 11. d4 $16) 11. Ng5 (11. Nd4 Nf6 12. Bxc6+ (12. Ne6
$2 Qc8 (12... Qd7 $2 13. Bxc6 Qxc6 14. Nxg7+ {/\Nf4/} Kf7 15. Nf5) 13. Nxg7+
Kf7 $19) (12. Nxc6 $6 bxc6 13. Bxc6+ Kf7 14. Qa4 d5 {/\ Bc5} 15. cxd5 (15.
Bxd5+ Nxd5 16. cxd5 Bc5 $17 {/\ Bf2, Qh4}) 15... Bc5 16. Nc3 Ng4 $17) 12...
bxc6 13. Nxc6 Rxb3 14. Nxd8 Rb4 15. Nc6 (15. Ne6 Kf7 $17 (15... Rxc4 16. Nxg7+
Kf7 17. Nf5 Rc5 $44) 16. Nxc7 $2 (16. Ng5+ {Notkin} Kg6 $15) 16... Rxc4 $19)
15... Rxc4 16. Nxe7 Kxe7 17. Nc3 $15) 11... Nf6 (11... Bxb1 $2 12. Ne6 Qc8 13.
Rxb1 Qxe6 14. Bxc6+ $18) (11... Bxg5 $2 12. Qxd3 Nf6 13. Nc3 $16 (13. Qg3 {
Notkin} Bh6 14. Nc3 $16)) (11... b5 $2 {Notkin Ftacnik} 12. cxb5 Bxg5 (12...
axb5 13. Qf7+ Kd7 14. Qf5+ Ke8 15. Ne6 $16) 13. Qxd3) 12. Nc3 (12. Ne6 $2 {
see 11.Nd4}) (12. Ne6 {Notkin} Qd7 13. Nf4 $2 (13. Nc3 Qxe6 14. Bxc6+ bxc6 $1 (
14... Kf7 15. Bxe4 Bxe4 16. d3 $16) 15. Qxb8+ Bd8 16. Qb7 O-O 17. Qxc6 Qg4 $17)
(13. Bxc6 Qxc6 14. Na3 {/\Nf4/} (14. Nxg7+ Kd7 $44) 14... Nh5 $1 $17) (13.
Nxg7+ {Ftacnik} Kf7 $19) 13... b5) 12... O-O 13. Ncxe4 (13. Ne6 $2 Qc8 (13...
Qe8 {Notkin Wedberg} 14. Nxf8 Qxf8 15. h3 Ng4 16. hxg4 Bh4 17. g3 Bxg3 18. fxg3
Qf3 $36) 14. Nxf8 (14. c5 {Notkin} Na5) 14... Nd4 15. Qd1 Bxf8 $17 {/\ Qf5,
Be7, Rf8, /\ Nf3, Ng4 ->} (15... Qxf8 $44 {Notkin Ftacnik})) (13. c5+ {Notkin}
d5 14. Ne6 Qd7 15. Nxf8 Bxf8 $44 (15... Rxf8 $6 {Ftacnik} 16. Qxb7 Bxc5 17.
Qxc6 Qxc6 18. Bxc6 Ng4 19. Bxd5+ Kh8 20. Nxe4 $18)) 13... Nxe4 14. Nxe4 (14.
Ne6 $2 Bh4 $1 (14... Nc5 $1 {Notkin} 15. Nxd8 Nxb3 16. Nxc6 Bh4 17. g3 Nxa1 18.
Nxb8 Rxb8 19. gxh4 Bxc4 $13) 15. Nxd8 (15. Rxe4 Qf6 $19) 15... Bxf2+ 16. Kh1
Bxe1 17. c5+ Kh8 18. Nf7+ Rxf7 19. Qxf7 Ne5 20. Qe7 (20. Qxc7 Rf8 21. g3 Rf1+
22. Kg2 Rf2+ 23. Kh1 Nxg3+ 24. hxg3 Be4+ 25. Kg1 Nf3+ 26. Kh1 Rh2#) (20. Qf4 g5
21. Qe3 Bf2 22. Qh3 Bd4 $19) 20... Ng6 21. Qf7 (21. Qxc7 Rf8 22. g3 Ng5 $1 $19)
21... Rf8 $19) 14... Ne5 15. Re3 $8 (15. Qc3 $2 Bh4 $17) (15. c5+ $6 Kh8 $1 {
/\ dc5} (15... d5 $2 16. Ng3 (16. Nc3 {Notkin} Bc4 $17) 16... Bc4 17. Qe3 $1
Bf6 18. d4 Nd3 19. Rd1 Nxc1 20. Qxc1 $16) 16. Ng3 (16. cxd6 cxd6 $17 {/\ b5})
16... Bh4 $17 {/\ Qf6}) 15... b5 $6 (15... Bxc4 16. Qc3 {/\ d4} (16. Qc2 d5 17.
Ng3 (17. d4 Bd3 $1 18. Qc3 Bxe4 19. dxe5 Kh8 $5 $17) 17... Bc5 $1 $17) 16...
Bd5 (16... c5 17. d4 cxd4 18. Qxd4 $13) (16... Bf7 17. d4 $14) 17. d4 (17. Bb3
Bxb3 18. axb3 (18. Qxb3+ d5 (18... Kh8 {Notkin} 19. d4 Nc6 20. d5 $14) 19. Nc3
(19. d4 Nc4 20. Re2 Na5 21. Qc3 dxe4 22. Qxa5 Qxd4 $17 23. Be3 Qc4 $17) (19. d3
Kh8 20. Ng3 Ng4 $17) 19... Nc4 20. Nxd5 (20. Re2 $6 Bc5 (20... c6 21. d3 Nd6
22. Be3 $10) 21. d3 Rxf2 22. Rxf2 Bxf2+ 23. Kxf2 Qh4+ $19 {->}) 20... Nxe3 (
20... Qxd5 $5 21. Rxe7 Rbe8 (21... Qc5 22. Re3 Kh8 23. Qc3 $13) 22. Rxe8 Rxe8
$17) 21. Nxe7+ Kh8 22. Qxe3 Re8 $17) 18... Qd7 $15 (18... Ng4 19. Rg3 Nf6 20.
d3 $13)) 17... Ng4 18. Rg3 Bxe4 (18... Qc8 19. Bb3 $10) 19. Rxg4 Bf5 (19... d5
20. Bf4 Bd6 21. Be5 $13) 20. Rg3 Bf6 21. Be3 $15) (15... Bxe4 {Notkin} 16. Rxe4
Bh4 17. f4 $16) (15... Bxc4 $15 {Notkin Wedberg}) 16. cxb5+ d5 17. Rxd3 (17.
Ng3 $2 Bc5 $1 18. Rxe5 (18. Rxd3 {Notkin} Bxf2+ 19. Kh1 Bxg3 20. hxg3 Rf1+ 21.
Kh2 Ng4+ 22. Kh3 Nf2+ 23. Kh2 Rh1#) 18... Bxf2+ (18... Rxf2 $2 19. Re3 $16) 19.
Kh1 Qh4 $1 20. Nf5 (20. Rh5 Bxg3 $19) (20. Qxd3 Bxg3 21. h3 Bxe5 22. Qxd5+ Kh8
23. Qxe5 Rbe8 $19) (20. Rxd5 Bxg3 $1 $19 (20... Bc4 21. Qxc4 $5 Qxc4 22. Bb3))
20... Rxf5 21. Rxf5 (21. Rxd5 Kh8 $1 (21... Bc4 22. Rxf5 Bxb3 23. Bxb3+ Kh8 $15
) 22. Qxd3 (22. Rxd3 Bg3 $19) 22... Bg3 23. h3 Rxd5 24. Qxd5 Re8 $19) 21... Bg3
22. h3 (22. Qxd5+ Kh8 23. Rh5 Re8 $1 $19) 22... Bxf5 23. Qxd5+ Kh8 24. Qxf5 (
24. d4 Bxh3 $19) 24... Re8 $19) (17. Nc3 {Notkin Ftacnik} Bc4 18. Qc2 Bc5 19.
Rxe5 Rxf2 $19) 17... Nxd3 18. Qxd3 dxe4 19. Qxe4 (19. Bb3+ Kh8 20. Qxd8 Rbxd8
21. bxa6 Bc5 (21... Rd3 22. Bc2 Bc5 23. Bxd3 Bxf2+ 24. Kh1 exd3 25. g3 Bd4 26.
Kg2 $13) 22. d4 exd3 23. Be3 Bxe3 24. fxe3 Rde8 25. Rf1 Rxf1+ 26. Kxf1 Rxe3 27.
a7 Re8 $15) (19. Qxd8 {Notkin Ftacnik} Rbxd8 20. bxa6 Bc5 $17) 19... Bf6 (19...
axb5 20. Bc2 (20. Bb3+ {Notkin} Kh8 21. d4 Bg5 $13) 20... g6 21. d4 $14) (19...
Bc5 $2 {Notkin} 20. Qc4+ Kh8 21. Qxc5 Re8 22. h3) 20. bxa6 $1 {>< e8} (20. Bb3+
$2 Kh8 {/\ Re8}) (20. d3 $6 axb5 (20... Re8 $6 21. Qc4+ Kh8 22. Be3 Bxb2 23.
Rd1) 21. Bb3+ Kh8 $15 {/\ Bd4, /\ Re8} (21... Kh8 {Notkin} 22. Be3 Bxb2 $15))
20... Bd4 21. d3 Rxf2 (21... Bxf2+ $5 22. Kh1 Ba7 (22... Bd4 $6 23. Bg5 Qxg5
24. Qxd4 $16) (22... Qf6 23. Qd5+ (23. Qc4+ Kh8 24. Bc6 Rb6 25. Bf3 Rxa6 $36)
23... Kh8 24. Bg5 Qxa6 25. Bb3 $13) 23. Bf4 Qf6 $13) 22. Be3 Rbxb2 $1 (22...
Bxe3 $2 23. Qxe3 Rbxb2 24. Bc6 $16 (24. Bc6 {Notkin} Rbe2 25. Qc5 $16)) 23.
Bb3+ (23. Bxf2 $2 {Notkin} Rxf2 24. Qe6+ (24. Bb3+ {Ftacnik} Kh8 $19) 24... Kf8
$1 $19) (23. Qxd4 {Notkin} Rxg2+ 24. Kf1 Qf8+ 25. Bf4 Rgf2+ 26. Kg1 (26. Ke1
Qe7+ 27. Be5 Rbe2+ 28. Kd1 Rd2+ 29. Ke1 Rfe2+ 30. Kf1 Rxe5 $19) 26... Rxf4 $1
27. Qxb2 Rg4+ 28. Qg2 $17) (23. Bxd4 {Notkin} Rxg2+ 24. Kf1 Qf8+ 25. Ke1 Rbe2+
(25... Qb4+ {Ftacnik} 26. Kf1 Qf8+ $10) 26. Qxe2 Qb4+ 27. Kf1 Rxe2 28. Bb3+ (
28. a7 Qxa4 29. Kxe2 $16) 28... Kh8 29. Bxg7+ (29. Kxe2 {Ftacnik} Qxd4 30. Rf1
$13) 29... Kxg7 30. Kxe2 Qb6 (30... Qe7+ 31. Kd2 Qg5+ 32. Kc2 Qg2+ 33. Kc3 Qc6+
34. Bc4 Qf6+ 35. d4 $10) 31. Rf1 Qxa6 32. Rf7+ Kg6 33. Rxc7 Qd6 $10) 23... Kh8
24. Re1 $5 (24. Bxd4 $2 Rxg2+ 25. Kf1 (25. Kh1 Rxh2+ 26. Kg1 Qg5+ 27. Kf1 Rh1+
$1 28. Qxh1 Qf4+ $19) 25... Qf8+ 26. Ke1 Rbf2 $1 $19 27. Bxg7+ Qxg7) (24. Qxd4
Rxg2+ 25. Kh1 $1 (25. Kf1 $2 Qf8+ 26. Bf4 (26. Qf4 Qxf4+ 27. Bxf4 Rbf2+ 28. Ke1
Rxf4 29. a7 (29. Rd1 Rg1+ 30. Ke2 Rxd1 31. Kxd1 Rf5 32. Kd2 g5 33. Kc3 Rf8 {
/\34.Bd5 c6!/}) 29... Rf8 $19) 26... Rxh2 (26... Rbf2+ 27. Qxf2 Rxf2+ 28. Kxf2
Qxf4+ 29. Kg2 $15 Qg5+) 27. Bd5 Rbf2+ 28. Kg1 Rxf4 29. Rf1 Rxf1+ 30. Kxh2 Qd6+
31. Kg2 Rf5 $1 $19) 25... Rxh2+ 26. Kg1 Rbg2+ 27. Kf1 Qf8+ 28. Qf4 Qxf4+ 29.
Bxf4 Rf2+ 30. Kg1 $10) 24... Rxg2+ (24... Bxe3 25. Rxe3 Qf8 26. h3 $13 (26. h3
{Notkin} Rxg2+ 27. Qxg2 Rxg2+ 28. Kxg2 Qa8+ 29. Kf2 h6 30. Bc4 $10)) 25. Qxg2
Rxg2+ 26. Kxg2 Qa8+ (26... Bc3 {Notkin Ftacnik} 27. Rf1 Qa8+ 28. Kg1 Qe8 29.
Rf3 $132) 27. Kf2 (27. Kg1 Qe8 (27... Bxe3+ 28. Rxe3 Qa7 (28... h6 {Notkin} 29.
Bc4 $10) 29. Kf2 g6 (29... g5 30. Bc4 $13) 30. Bc4 Qd4 $10) (27... Bc3 {Ftacnik
} 28. Rf1 (28. Rc1 Qf3 29. Bf2 Be5 $13)) 28. Kf2 Qf8+ 29. Kg2 $10) 27... Bc3
28. a7 $1 $8 (28. Rc1 Qxa6 29. Rxc3 $2 Qf6+ $19) 28... Bxe1+ 29. Kxe1 Qh1+ 30.
Kd2 Qxh2+ 31. Kc3 $13 Qg2 32. Kd4 {/\ Bd5} Qa8 (32... h5 $2 {Notkin Ftacnik}
33. Bd5) 33. Ke5 Qe8+ (33... h5 {Notkin} 34. Bd5 c6 35. Be4 {/\Kd6/}) 34. Kf4 (
34. Kd4 $6 c5+ 35. Kc3 Qc6 {/\ h5}) 34... c6 $6 (34... g5+ $6 35. Kf5 h6 (35...
Qg6+ {Notkin} 36. Ke5 Qd6+ 37. Ke4 Qg6+ $10 38. Kf3 Qc6+ 39. Kg4 $2 Qg2+ 40.
Kf5 Qf3+ $19) 36. Bd5 c6 37. Be6 $36) (34... Qd8 35. Ke4 $13) 35. Bc5 (35. Be6
$1 {Notkin} Qf8+ 36. Ke5 $2 c5 $1 $19) 35... h5 (35... Qa8 {Notkin Ftacnik} 36.
Ke5 h5 37. Kd6 h4 38. Ba4 Qd8+ 39. Kxc6 h3 40. Kb7 h2 41. Bc6) 36. Bd6 (36. d4
$5 {/\ d5}) 36... Qd8 (36... Qa8 {Notkin Ftacnik} 37. Bb8 h4 38. Kg4 g5 39. Be6
Qb7 40. Kxg5 Qe7+ 41. Kf5 Qa3 42. Kg5 $10) 37. Bb8 Qd4+ (37... Qa5 {Notkin} 38.
d4 h4 39. d5 h3 (39... cxd5 40. Ke5 h3 41. Bxd5 h2 42. a8=Q $18) 40. dxc6 h2
41. c7 Qb4+ $1 42. Kg3 Qc3+ 43. Kxh2 Qd2+ $10) 38. Kf5 (38. Kg5 $4 {Notkin
Ftacnik} Qg4#) 38... Qxd3+ 39. Ke6 Qa6 40. Kd7 $6 $138 (40. Kd6 $1 $36 {
/\ Be6-d7}) 40... g5 (40... Qb7+ {Notkin} 41. Kd6 {/\Be6-d7/}) (40... h4 {
Notkin} 41. Kc7 $2 (41. Be6 {Ftacnik} Qb7+ 42. Kd8 g5 (42... Qa6 43. Kc7 g5 44.
Bc8 Qxa2 45. Bb7) 43. Bc8 Qa8 44. Kc7) 41... h3 42. Bc4 Qxa7+ 43. Bxa7 h2 $19)
41. Kc7 g4 42. Bc4 (42. Be6 {Notkin Ftacnik} g3 43. Bc8 Qxa2 44. Kb7 g2 45. Bh2
$10) 42... Qa4 (42... Qa5+ {Notkin Ftacnik} 43. Kb7 Qb4+ 44. Kc7 $10) (42...
Qxc4 {Notkin Ftacnik} 43. a8=Q g3 44. Qxc6 Qxa2 $10) 43. Bb3 Qa6 44. Bc4 Qa4
1/2-1/2

[Event "Hoogovens"]
[Site "Wijk aan Zee"]
[Date "1991.01.??"]
[Round "10"]
[White "Adams, Michael"]
[Black "Piket, Jeroen"]
[Result "0-1"]
[WhiteElo "2600"]
[BlackElo "2550"]
[Annotator "Schussler,H"]
[PlyCount "38"]
[EventDate "1991.01.??"]
[EventType "tourn"]
[EventRounds "13"]
[EventCountry "NED"]
[EventCategory "14"]
[SourceTitle "CBM 022"]
[Source "ChessBase"]
[SourceDate "1991.06.01"]
[SourceVersion "1"]
[SourceVersionDate "1991.06.01"]
[SourceQuality "1"]

1. e4 e5 2. Nf3 Nc6 3. Bb5 a6 4. Ba4 d6 5. c3 f5 6. exf5 Bxf5 7. O-O Bd3 8. Re1
Be7 9. Re3 e4 10. Ne1 Bg5 11. Nxd3 $6 (11. Rg3 Nh6 12. Qh5+ Nf7 13. Nxd3 exd3
14. Rxd3 O-O $13) (11. Rh3 Nf6 12. Nxd3 exd3 13. Rxd3 O-O $13) 11... Bxe3 12.
Nb4 Bxf2+ $1 13. Kxf2 Qh4+ 14. Kg1 Nh6 15. Qf1 (15. Nxc6 O-O 16. Ne7+ Kh8 $19)
15... Ng4 16. Qf4 Rf8 17. Qg3 Rf1+ $1 $19 {All known to theory.} 18. Kxf1 Nxh2+
19. Qxh2 Qxh2 {(1.28/0.34)} 0-1

[Event "EU-Cup 10th final"]
[Site "Lyon"]
[Date "1994.11.20"]
[Round "3"]
[White "Kasparov, Garry"]
[Black "Lautier, Joel"]
[Result "1/2-1/2"]
[WhiteElo "2805"]
[BlackElo "2645"]
[Annotator "Wedberg"]
[PlyCount "83"]
[EventDate "1994.11.18"]
[EventType "team-k.o."]
[EventRounds "3"]
[EventCountry "FRA"]
[SourceTitle "EXT 2020"]
[Source "ChessBase"]
[SourceDate "2019.10.17"]
[SourceVersion "1"]
[SourceVersionDate "2019.10.17"]
[SourceQuality "1"]
[WhiteTeam "Sarajevo Bosna"]
[BlackTeam "Lyon-Oyonnax Echecs"]
[WhiteTeamCountry "BIH"]
[BlackTeamCountry "FRA"]

1. e4 e5 2. Nf3 Nc6 3. Bb5 a6 4. Ba4 d6 5. c3 f5 6. exf5 Bxf5 7. d4 e4 8. d5
exf3 9. Qxf3 $5 {N} (9. dxc6 b5 10. Qxf3 Bxb1 11. Bb3 Bg6 12. O-O Nf6 13. Re1+
Be7 14. Bg5 Kf8 15. Re3 {~= Capablanca,JR-Steiner,H/New York/1931}) 9... Qe7+
10. Kd1 Be4 11. Qh3 Qf7 (11... Bxd5 12. Re1 Be4 13. f3 Nf6 14. Bg5 d5 15. fxe4
dxe4 16. Nd2 {+/-}) (11... b5 12. dxc6 bxa4 13. Re1 {+/-}) 12. dxc6 Bxc6 13.
Re1+ Be7 14. Bxc6+ bxc6 15. Nd2 Nf6 16. Nf3 O-O 17. Ng5 Qd5+ 18. Bd2 h6 19.
Qe6+ (19. Ne6 $2 Ne4 20. Rxe4 Qxe4 21. Nxf8 Rxf8 $36) (19. Rxe7 hxg5 20. Qe6+
Qxe6 21. Rxe6 Kf7 22. Re2 g4 {=}) 19... Kh8 20. Nh3 (20. Qxe7 hxg5 $32 {-/+})
20... Qxe6 (20... Qxg2 $2 21. Nf4 Qxf2 22. Ng6+ Kh7 23. Nxe7 {+-}) 21. Rxe6
Rfe8 22. Kc2 Kg8 23. Rae1 Kf7 {=} 24. f3 Nd7 25. R6e2 Ne5 26. Re4 Nd7 27. Nf4
d5 28. R4e2 Bd6 29. Ne6 Bxh2 30. Nxg7 Rxe2 31. Rxe2 Kxg7 32. Re7+ Kg6 33. Rxd7
Bd6 {><Rd7} 34. Kd3 h5 35. c4 Rg8 36. c5 Be5 37. b3 Kf5 38. Rh7 Rh8 39. Rxh5+
Rxh5 40. g4+ Kg6 41. gxh5+ Kxh5 42. f4 (42. f4 Bb2 43. Ba5 Kg4 44. Bxc7 Bc1 {=}
) 1/2-1/2

[Event "Bundesliga 0001"]
[Site "Germany"]
[Date "2001.03.10"]
[Round "10.4"]
[White "Hansen, Sune Berg"]
[Black "Timman, Jan H"]
[Result "1-0"]
[WhiteElo "2545"]
[BlackElo "2639"]
[Annotator "Wedberg,T"]
[PlyCount "81"]
[EventDate "2000.10.14"]
[EventType "team-tourn"]
[EventRounds "15"]
[EventCountry "GER"]
[SourceTitle "CBM 082"]
[Source "ChessBase"]
[SourceDate "2001.05.17"]
[SourceVersion "1"]
[SourceVersionDate "2001.05.17"]
[SourceQuality "1"]
[WhiteTeam "Hamburger SK"]
[BlackTeam "Porz"]
[WhiteTeamCountry "GER"]
[BlackTeamCountry "GER"]

1. e4 e5 2. Nf3 Nc6 3. Bb5 a6 4. Ba4 d6 5. c3 f5 6. exf5 Bxf5 7. O-O Bd3 8. Re1
Be7 9. Bc2 Bxc2 10. Qxc2 Nf6 11. d4 e4 12. Ng5 d5 13. f3 h6 14. Nh3 O-O 15. Nd2
exf3 16. Nxf3 Rf7 17. Nf2 Bd6 18. Bd2 $5 {The question here is of course: does
White have anything or nothing? If this is uncomfortable for Black the Siesta
variation is not so attractive any more. Timmans answer is obviously a mistake,
but perhaps it is borne from rejection of the previously played moves and then
that indicates problems for Black.} Qc8 $2 {[%mdl 8192]} (18... Qd7 19. Ne5
Bxe5 20. dxe5 Ne4 21. Nxe4 dxe4 22. Rxe4 $14 {1-0 Kozakov,M-Yandemirov,V/
Pavlograd 2000/CBM 78 ext (60)}) (18... Qf8 19. Re2 (19. Ne5 $5) 19... Re8 20.
Rae1 Rxe2 21. Rxe2 Re7 22. Rxe7 Qxe7 23. Kf1 Qe6 24. Be1 Ne7 {1/2-1/2 Shirov,
A-Lautier,J/Paris 2000/CBM 77 (24)}) (18... Re7 {looks playable}) 19. Bxh6 $1
$16 {White is a P up for nothing.} Ng4 (19... gxh6 $2 {is easy to refute} 20.
Qg6+ Kf8 21. Qxh6+ Kg8 22. Qg6+ Kf8 23. Ng5 $18) 20. Be3 Nxe3 21. Rxe3 Bf4 22.
Re2 Qd7 23. Rae1 Raf8 24. Qg6 Rf6 25. Qg4 Qf7 26. Re6 Nd8 27. Rxf6 Qxf6 28. Qh5
c6 29. Ng4 Qf7 30. Qxf7+ Nxf7 31. g3 Bd6 32. Kg2 a5 33. Re6 Rd8 34. Ne3 a4 35.
Nf5 Bf8 36. h4 Ra8 37. g4 Ra5 38. Ne1 Nd8 $2 39. Re8 $18 Ra8 40. Nd6 $1 g6 41.
Nd3 1-0

[Event "RUS-Cup4"]
[Site "Perm"]
[Date "1997.02.09"]
[Round "2"]
[White "Ibragimov, A."]
[Black "Yandemirov, Valeri"]
[Result "1/2-1/2"]
[WhiteElo "2415"]
[BlackElo "2500"]
[Annotator "Wedberg,T"]
[PlyCount "68"]
[EventDate "1997.02.02"]
[EventType "swiss"]
[EventRounds "9"]
[EventCountry "RUS"]
[SourceTitle "CBM 058"]
[Source "ChessBase"]
[SourceDate "1997.06.01"]
[SourceVersion "1"]
[SourceVersionDate "1997.06.01"]
[SourceQuality "1"]

1. e4 e5 2. Nf3 Nc6 3. Bb5 a6 4. Ba4 d6 5. c3 f5 6. exf5 Bxf5 7. O-O Bd3 8. Re1
Be7 9. Bc2 Bxc2 10. Qxc2 g5 $5 $146 {Interesting, why didn´t anyone think of
that before...} (10... Nf6 {is standard}) 11. d4 g4 12. Nfd2 Qd7 13. d5 Nd8 14.
c4 Nf6 15. Nc3 Nf7 16. Nde4 O-O 17. Be3 (17. Ng5 $5 Nxg5 18. Bxg5 {With the
positional threat of Bxf6 and Ne4.} Nxd5 19. Bh6 Rf6 20. Nxd5 Rxh6 21. Qf5 $1
Rd8 22. Nxe7+ Qxe7 23. Qxg4+ Rg6 24. Qe4 $14) 17... Nxe4 18. Nxe4 b6 19. b4 a5
20. a3 axb4 21. axb4 Qf5 $11 22. c5 Rxa1 23. Rxa1 bxc5 24. bxc5 Bg5 25. Rf1 (
25. Qd3 Bf4 26. g3 $2 Ng5 $40) 25... Bf4 26. Qa4 Ng5 27. Nxg5 Qxg5 28. Bxf4
Qxf4 29. Qd7 dxc5 30. Qxc7 Qd4 31. d6 Rf6 32. Qd8+ Kg7 33. Qe7+ Kg6 34. Qe8+
Kg7 1/2-1/2

[Event "Donner Memorial-A"]
[Site "Amsterdam"]
[Date "1994.??.??"]
[Round "5"]
[White "Xie, Jun"]
[Black "Lautier, Joel"]
[Result "1/2-1/2"]
[WhiteElo "2515"]
[BlackElo "2645"]
[Annotator "Wedberg,T"]
[PlyCount "94"]
[EventDate "1994.08.??"]
[EventType "tourn"]
[EventRounds "9"]
[EventCountry "NED"]
[EventCategory "15"]
[SourceTitle "CBM 043"]
[Source "ChessBase"]
[SourceDate "1994.12.01"]
[SourceVersion "1"]
[SourceVersionDate "1994.12.01"]
[SourceQuality "1"]

1. e4 e5 2. Nf3 Nc6 3. Bb5 a6 4. Ba4 d6 5. c3 f5 6. exf5 Bxf5 7. O-O Bd3 8. Re1
Be7 9. Bc2 Bxc2 10. Qxc2 Nf6 11. d4 O-O 12. d5 e4 13. Ng5 Ne5 14. Ne6 Qd7 15.
Nd2 e3 16. Rxe3 Nxd5 17. Nxf8 (17. Rxe5 $5 dxe5 18. Nxf8 Rxf8 19. Ne4 $14 {
Wolff,P}) 17... Nxe3 18. Qxh7+ Kxf8 19. fxe3 Re8 20. h3 $146 (20. e4 {
Anand-Yusupov/WaZ(m5)/1994/1-0/25} Bf6 $1 $44 {Anand}) (20. Ne4 {+/=Yusupov})
20... Qb5 $132 21. Nb3 Bf6 22. Bd2 Qd3 23. Qxd3 Nxd3 24. Rb1 Bg5 $15 25. Nc1
Nc5 26. Nb3 Nd3 (26... Ne4 $5 27. Bc1 c5 $36) 27. Nc1 Ne5 28. b3 Nd7 29. Nd3 (
29. Kf2 Nc5 $17) 29... Bxe3+ 30. Bxe3 Rxe3 31. Rd1 Ne5 32. Nxe5 dxe5 33. c4 Ke7
34. Kf2 $10 Rc3 35. Re1 Kf6 36. Re3 Rc1 37. Re2 Kf5 38. Rd2 c6 39. Ke3 e4 40.
Kd4 Rf1 41. Ke3 Re1+ 42. Kf2 Ra1 43. Ke3 g5 44. Rd7 Re1+ 45. Kf2 Ra1 46. Ke3
Re1+ 47. Kf2 Ra1 1/2-1/2

[Event "RUS-ch51"]
[Site "St Petersburg"]
[Date "1998.07.31"]
[Round "4"]
[White "Galkin, Alexander"]
[Black "Vorotnikov, Vladislav V"]
[Result "1/2-1/2"]
[WhiteElo "2540"]
[BlackElo "2440"]
[Annotator "Wedberg,T"]
[PlyCount "50"]
[EventDate "1998.07.28"]
[EventType "swiss"]
[EventRounds "11"]
[EventCountry "RUS"]
[SourceTitle "CBM 067"]
[Source "ChessBase"]
[SourceDate "1998.11.30"]
[SourceVersion "2"]
[SourceVersionDate "1998.11.01"]
[SourceQuality "1"]

{[%mdl 72]} 1. e4 e5 2. Nf3 Nc6 3. Bb5 a6 4. Ba4 d6 5. c3 f5 6. exf5 Bxf5 7.
O-O Bd3 8. Re1 Be7 9. Bc2 Bxc2 10. Qxc2 Nf6 11. d4 exd4 12. cxd4 O-O 13. Nc3
Kh8 14. Bg5 (14. Ng5 Nxd4 15. Qd3 h6 16. Qxd4 hxg5 17. Bxg5 $14 {
Glek-Vorotnikov/USSR/1986}) 14... d5 $146 (14... Qd7 15. d5 (15. Rad1 Rae8 16.
h3 Bd8 17. d5 Rxe1+ 18. Rxe1 Nb4 (18... Ne7 19. Bxf6 Rxf6 20. Ng5 Ng6 21. Ne6
$16) 19. Qd2 $14 {Wells,P-Yandemirov,V/Ljubljana/1995}) 15... Nb4 16. Qd2 (16.
Qb3 Nd3 17. Re3 Nc5 18. Qc2 a5 19. Rae1 Bd8 20. h3 b5 $132 {1-0 Korneev,
O-Yandemirov,V/Minsk 1995/EXP 46 (58)}) 16... c6 17. dxc6 Nxc6 18. Rad1 Rad8
19. Nd4 $14 {1-0 Korneev,O-Yandemirov,V/St.Petersburg 1996/CBM 52/[Wedberg] 
(41)}) 15. Rad1 Bd6 $6 (15... Qd6 $142) 16. Ne5 (16. Qb3 $5 {Looks good.} Rb8 (
16... Na5 17. Bxf6) 17. Bxf6 Qxf6 18. Qxd5 $16) 16... Qe8 17. Bxf6 gxf6 18.
Nxc6 Qh5 $1 $132 (18... Qxc6 $6 19. Qf5 $16) 19. g3 bxc6 20. Qa4 Rab8 21. Qxc6
Rxb2 22. Qxd5 Qxd5 23. Nxd5 Rxa2 24. Ra1 Rd2 25. Rxa6 Rxd4 1/2-1/2